Estudios sobre la teoría social

Furkejuvvon:
Bibliográfalaš dieđut
Váldodahkki: Schutz, Alfred (Dahkki)
Materiálatiipa: Girji
Giella:espánnjágiella
Almmustuhtton: Buenos Aires Amorrortu 1974
Fáttát:
Fáddágilkorat: Lasit fáddágilkoriid
Eai fáddágilkorat, Lasit vuosttaš fáddágilkora!

MARC

LEADER 00000nam a2200000 a 4500
001 UCM0795
003 CL-VaPUC
005 20250108103423.0
008 020315e19740000AG |||||||||||||||||spa|d
999 |c 299615  |d 299613 
040 |c Pontificia Universidad Católica de Valparaíso 
082 0 4 |a 300.1  |b SCH  |2 21 
100 0 |a Schutz, Alfred  |e author  |9 368205 
245 1 0 |a Estudios sobre la teoría social 
260 |a Buenos Aires  |b Amorrortu  |c 1974 
300 |a 277 p 
583 |a last modification  |c 20020315 00:00:00  |k Rodrigo Vera 
650 0 |a Teoría Social  |2 CL-VaPUC  |9 887612  |x Estudios 
650 0 |a Acción social  |x Teoría  |9 887613 
650 0 |a Psicología social   |9 222894 
942 |c BK  |2 ddc 
945 |d 20020315 00:00:00  |a vberengu 
952 |0 0  |1 0  |4 0  |6 300_100000000000000_SCH_1974  |7 0  |8 R  |9 356349  |a BIBGIM  |b BIBGIM  |d 2019-11-21  |i 379704K  |o 300.1 SCH 1974  |p 379704K  |r 2025-01-15  |w 2019-11-21  |y BK_R  |k GIM